| 000 -ლიდერი |
| ფიქსირებული სიგრძის საკონტროლო ველი |
01352nam a2200241Ia 4500 |
| 001 - საკონტროლო ნომერი |
| საკონტროლო ველი |
6614 |
| 003 - საკონტროლო ნომრის იდენტიფიკატორი |
| საკონტროლო ველი |
GE_BSU |
| 005 - ბოლო ოპერაციის თარიღი და დრო |
| საკონტროლო ველი |
20220928115706.0 |
| 008 - ფიქსირებული სიგრძის მონაცემთა ელემენტები - ზოგადი ინფორმაცია |
| ფიქსირებული სიგრძის საკონტროლო ველი |
181216s2003||||ge |||||||||||||| ||geo|| |
| 040 ## - კატალოგიზაციის წყარო |
| Transcribing agency |
GE_BSU |
| 041 ## - ენის კოდი |
| Language code of text/sound track or separate title |
geo |
| 080 ## - უნივერსალური ათობითი კლასიფიკაციის ინდექსი |
| Universal Decimal Classification number |
616-07(075.8) ტ-37 |
| 100 ## - მთავარი ჩანაწერი - პიროვნების სახელი |
| Personal name |
ტატიშვილი, ნ. |
| 9 (RLIN) |
3231 |
| 245 ## - ცნობა სათაურის შესახებ |
| Title |
შინაგან სნეულებათა დიაგნოსტიკა : |
| Remainder of title |
სახელმძღ. სამედ. უნ-ტის სტუდენტებისათვის / |
| Statement of responsibility, etc |
ნუგზარ ტატიშვილი, ირაკლი ტატიშვილი ; რედ. გ. სიმონია. |
| 264 ## - წარმოების, გამოცემის, დისტრიბუციის და სხვა ცნობები |
| გამოცემის, წარმოების, დისტრიბუციის... ადგილი |
თბილისი : |
| გამოცემის, წარმოების, დისტრიბუციის... სახელწოდება |
საქართველოს მაცნე, |
| გამოცემის, წარმოების, დისტრიბუციის... თარიღი |
2003. |
| 300 ## - ფიზიკური აღწერა |
| Extent |
349 გვ.: |
| Other physical details |
ილ.; |
| Dimensions |
27 სმ. |
| 653 ## - INDEX TERM--UNCONTROLLED |
| Uncontrolled term |
შინაგანი დაავადებების დიაგნოსტიკა |
| 653 ## - INDEX TERM--UNCONTROLLED |
| Uncontrolled term |
მედიცინა |
| 700 ## - ADDED ENTRY--PERSONAL NAME |
| Personal name |
ტატიშვილი, ირაკლი |
| Relator term |
ავტორი |
| 9 (RLIN) |
5410 |
| 700 ## - ADDED ENTRY--PERSONAL NAME |
| Personal name |
სიმონია, გ. |
| Relator term |
რედაქტორი |
| 9 (RLIN) |
3229 |
| 856 ## - ELECTRONIC LOCATION AND ACCESS |
| Uniform Resource Identifier |
https://drive.google.com/file/d/1RnkYntIMgkK8r-z3azdUE6Uh0IF3DuLO/view?fbclid=IwAR3VEhbSVxoq7N3itIA0obvJmSxpvYMw8EifVsrYYZNA0SyV5HntBEO91BE |
| Link text |
ელ. ვერსია. pdf |
| 942 ## - ADDED ENTRY ELEMENTS (KOHA) |
| Koha item type |
წიგნი |
| Source of classification or shelving scheme |
|